| 000 | 00444cam a22001337a 4500 | ||
|---|---|---|---|
| 008 | 180718b1966 xxu||||| |||| 00| 0 eng d | ||
| 082 | _aN11x47 Er44m | ||
| 245 |
_aMilitary-technical revolution: its impact on strategy and foreign policy _cedited by John Erickson...[et.al.] |
||
| 260 |
_aNew York _bPraeger _c1966 |
||
| 300 | _a284p. | ||
| 650 | _aU.S.S.R. - Foreign relations | ||
| 650 | _aU.S.S.R. - Military policy | ||
| 700 | _aErickson, John | ||
| 999 |
_c364960 _d364960 |
||